| 000 | 00656nam a2200205 a 4500 | ||
|---|---|---|---|
| 001 | 8180 | ||
| 003 | CO-ViMGA | ||
| 008 | 141112s2004 ck r 000 u spa d | ||
| 020 | _a958944218 | ||
| 040 |
_aCO-ViMGA _bspa _cCO-ViMGA |
||
| 082 | 0 | 4 | _a320.01812 J17h |
| 100 | 1 |
_aJaramillo, Mario _97941 |
|
| 245 | 1 | 0 |
_aHistoria del pensamiento politico de occidente : _bVol. I pensamiento clasico / _cJaramillo Mario |
| 260 |
_aBogotá, _cUniv. Sergio Arboleda |
||
| 300 | _a157 p. | ||
| 490 | _aMayor 12 | ||
| 590 | _aForma de adquisición : donacion - - Proveedor : Luis Ángel Arango | ||
| 650 | 1 | 4 |
_aciencias Políticas - occidente _97942 |
| 942 |
_2ddc _cBK |
||
| 999 |
_c19993 _d19993 |
||